000 01068 a2200217 4500
003 Nust
005 20170207153244.0
010 _a 99952867
020 _a817319341X
035 _a(DLC) 99952867
040 _cNust
082 0 0 _a621.382
245 0 0 _aEmerging communication technologies and the society /
_cedited by N. Balakrishnan.
260 _aNew Delhi :
_bNarosa Pub. House,
_cc2000.
300 _axvi, 132 p. ;
_c23 cm.
505 _aLightwave Communications (Page-1), Future Fiber Optic Networking (Page-9), Indian Telecom And Internet Tangel (Page-29), Satellite Communications And Its Impact On Society (Page-43), Internet Packet Transport (Page-63), The Universal Digital Library (Page-83), Adaptive Network Load Models To Cope With Multimedia Induced Network Dynamics (Page-95), The Net-University (Page-109), CHOIS For Disseminating Infotainment/ Internet In Indian Society (Page-127).
538 _aAlmirah No.36 Shelf No.4
650 0 _aTelecommunications engineering.
700 1 _aBalakrishnan, N.
710 2 _aIndian national Science Academy.
942 _2ddc
_cBK
999 _c182516
_d182516